Zmeny pri posudzovaní finančnej disciplíny
Od 1. januára 2016 je v platnosti nová legislatíva v oblasti kontroly a auditu s dopadom na finančnú disciplínu. Legislatívne odlišnosti súčasnej právnej úpravy finančnej disciplýny od predchádzajúcej právnej úpravy (platnej od 31.12. 2016) vrátane problémov pri aplikácii ustanovení o finančnej disc...
Salvato in:
| Autore principale: | |
|---|---|
| Natura: | Capitolo di libro |
| Lingua: | slovacco |
| Soggetti: | |
| Tags: |
Nessun Tag, puoi essere il primo ad aggiungerne!!
|
MARC
| LEADER | 00000naa a2200000 4500 | ||
|---|---|---|---|
| 001 | 0221696 | ||
| 005 | 20231120131206.4 | ||
| 041 | 0 | |a slo | |
| 044 | |a SK | ||
| 245 | 1 | 0 | |a Zmeny pri posudzovaní finančnej disciplíny |c Iveta Konvalinková |
| 520 | |a Od 1. januára 2016 je v platnosti nová legislatíva v oblasti kontroly a auditu s dopadom na finančnú disciplínu. Legislatívne odlišnosti súčasnej právnej úpravy finančnej disciplýny od predchádzajúcej právnej úpravy (platnej od 31.12. 2016) vrátane problémov pri aplikácii ustanovení o finančnej disciplíne. | ||
| 610 | 2 | 0 | |a disciplína finančná |
| 610 | 2 | 0 | |a zodpovednosť rozpočtová |
| 610 | 2 | 0 | |a financie verejné |
| 610 | 2 | 0 | |a Slovensko |
| 610 | 2 | 0 | |a zákony |
| 100 | 1 | |a Konvalinková, Iveta | |